| Tag |
First Indicator |
Second Indicator |
Subfields |
| LEADER |
00000cam a2200000 i 4500 |
| 001 |
in00000458917 |
| 005 |
20151012155648.0 |
| 008 |
780927s1978 maua b 00110 eng |
| 010 |
|
|
|a 78054617
|
| 020 |
|
|
|a 0871920840
|
| 035 |
|
|
|a (OCoLC)04377157
|
| 035 |
|
|
|9 ABZ2205AM
|
| 040 |
|
|
|a DLC
|c DLC
|d TXA
|d UtOrBLW
|
| 049 |
|
|
|a TXAM
|c [978593]
|
| 050 |
0 |
0 |
|a T14.5
|b .P97
|
| 082 |
0 |
|
|a 301.24/3
|
| 100 |
1 |
|
|a Pytlik, Edward C.
|
| 245 |
1 |
0 |
|a Technology, change, and society /
|c Edward C. Pytlik, Donald P. Lauda, David L. Johnson.
|
| 264 |
|
1 |
|a Worcester, Mass. :
|b Davis Publications,
|c [1978]
|
| 264 |
|
4 |
|c ©1978
|
| 300 |
|
|
|a xv, 288 pages :
|b illustrations ;
|c 25 cm.
|
| 336 |
|
|
|a text
|b txt
|2 rdacontent
|
| 337 |
|
|
|a unmediated
|b n
|2 rdamedia
|
| 338 |
|
|
|a volume
|b nc
|2 rdacarrier
|
| 504 |
|
|
|a Includes bibliographies and index.
|
| 650 |
|
0 |
|a Technology
|x Social aspects.
|
| 700 |
1 |
|
|a Lauda, Donald P.
|
| 700 |
1 |
|
|a Johnson, David L.
|
| 999 |
|
|
|a MARS
|
| 999 |
f |
f |
|s b131fded-83d7-3d18-991b-3151832716d1
|i 4cbe8da0-d712-3f65-a403-49d7c0d408df
|t 0
|
| 952 |
f |
f |
|p ric
|a Texas A&M University
|b Rellis Campus
|c Joint Library Facility
|d Remote Storage
|t 0
|e T14.5 .P97
|h Library of Congress classification
|i unmediated -- volume
|m A14805259766
|
| 998 |
f |
f |
|a T14.5 .P97
|t 0
|l Remote Storage
|